00354nam a2200109Ia 4500008004100000020001500041041000800056100001700064245011600081260003900197300000800236230724s1999 xx und d a1840000880 aeng aNIESEWAND N. aLIGHTING, INSPIRATIONAL SOURCEBOOK FOR ANYONE WISHING TO EXPLORE THE LIMITLESS POTENTIAL OF LIGHTING INTERIORS. bOCTOPUS PUB GROUP LTD LONDONc1999 a175